| 000 | 00732nam a2200217Ia 4500 | ||
|---|---|---|---|
| 003 | OSt | ||
| 005 | 20251205164559.0 | ||
| 008 | 210719s2020 xx 000 0 und d | ||
| 040 | _cAL | ||
| 041 | _aKannada | ||
| 082 | _a411.0954K VIGP | ||
| 100 |
_aVIGHNARAJA (S R) _dವಿಘ್ನರಾಜ (ಎಸ್ ಅರ್) _9248017 |
||
| 245 |
_aPrachina bharatiya lipigalu _b ಪ್ರಾಚೀನ ಭಾರತೀಯ ಲಿಪಿಗಳು |
||
| 260 |
_aDharmasthala _bShri Manjunatheshvara Pustaka Prakashana Male _c2020 |
||
| 300 |
_a146 _bPB |
||
| 365 |
_b150 _cRs |
||
| 650 |
_aLinguistics _9248018 |
||
| 650 |
_aLinguistics _9248018 |
||
| 906 | _aAncient ; bharatiya ; Indian ; lipigalu ; Prachina ; scripts | ||
| 942 |
_2ddc _cBK |
||
| 999 |
_c211800 _d211800 |
||